Normal view
MARC view
Entry Topical Term
001 - CONTROL NUMBER
- control field: 30183
003 - CONTROL NUMBER IDENTIFIER
- control field: ENAL
005 - DATE AND TIME OF LATEST TRANSACTION
- control field: 20200108110103.0
008 - FIXED-LENGTH DATA ELEMENTS
- fixed length control field: 200108|| aca||aabn | a|a d
040 ## - CATALOGING SOURCE
- Original cataloging agency: ENAL
- Transcribing agency: ENAL
150 ## - HEADING--TOPICAL TERM
- Topical term or geographic name entry element: Common sunflower
- General subdivision: Diseases and pests
670 ## - SOURCE DATA FOUND
- Source citation: Work cat.: (ENAL): Elhadidy, Abeer E. 30182, Influence of soil amendments and tillage methods against sunflower charcoal rot disease under reclaimed soil